| 000 | 00379nam a2200133 a 4500 | ||
|---|---|---|---|
| 001 | 5489 | ||
| 003 | CDMR | ||
| 005 | 20130116135309.0 | ||
| 008 | 130130s1990||||||||||||||||||||||||||||d | ||
| 040 |
_aCDMR _bcat _cCPC GIRONA |
||
| 245 | 0 |
_aPublicidad en TV _bLos anunciantes descubren la tele, años 1957 al 1967 |
|
| 260 |
_c1990 _bCámara de Comercio e Industria de Madrid |
||
| 942 | _cMON | ||
| 999 |
_c5489 _d5489 |
||